Pays aléatoires par extension de nom de domaine - Statistiques

Statistiques générales
  • Ce quiz a été pris 399 fois
  • Le résultat moyen est 9 sur 20
Statistiques - réponses
Pays Extension de domaine % Correct
Allemagne .de
100%
Canada .ca
100%
Côte d'Ivoire .ci
100%
Espagne .es
100%
France .fr
100%
Islande .is
100%
Pays-Bas .nl
100%
Roumanie .ro
100%
Royaume-Uni .uk
100%
Russie .ru
100%
Yémen .ye
100%
États-Unis .us
91%
Fidji .fj
91%
Belgique .be
88%
Koweït .kw
88%
Nouvelle-Zélande .nz
88%
Ouganda .ug
88%
République Tchèque .cz
88%
Zimbabwe .zw
88%
Kazakhstan .kz
86%
Tuvalu .tv
86%
Afghanistan .af
84%
Argentine .ar
83%
Finlande .fi
83%
Uruguay .uy
83%
Venezuela .ve
82%
Bolivie .bo
80%
Japon .jp
80%
Lettonie .lv
80%
Ouzbékistan .uz
80%
Suisse .ch
80%
Italie .it
79%
Brésil .br
78%
Philippines .ph
78%
Pologne .pl
78%
Australie .au
75%
Azerbaïdjan .az
75%
Thaïlande .th
75%
Danemark .dk
73%
Rwanda .rw
73%
Vanuatu .vu
73%
Jordanie .jo
71%
Jamaïque .jm
69%
Algérie .dz
67%
Mexique .mx
67%
Oman .om
67%
Syrie .sy
67%
Vatican .va
67%
Norvège .no
64%
Portugal .pt
64%
Qatar .qa
64%
Estonie .ee
63%
Irlande .ie
63%
Luxembourg .lu
63%
Malawi .mw
63%
Bulgarie .bg
62%
Cameroun .cm
60%
Hongrie .hu
60%
Mongolie .mn
60%
Suède .se
60%
Tanzanie .tz
60%
Chine .cn
57%
Slovaquie .sk
57%
Vietnam .vn
57%
Autriche .at
56%
République du Congo .cg
56%
Pérou .pe
55%
Togo .tg
55%
Afrique du Sud .za
50%
Djibouti .dj
50%
Ghana .gh
50%
Haïti .ht
50%
Irak .iq
50%
Liban .lb
50%
Mali .ml
50%
Nigeria .ng
50%
Pakistan .pk
50%
Somalie .so
50%
Taïwan .tw
50%
Tonga .to
50%
Zambie .zm
50%
Botswana .bw
46%
Mozambique .mz
46%
Soudan du Sud .ss
46%
Arménie .am
45%
Érythrée .er
45%
Géorgie .ge
45%
Inde .in
45%
Angola .ao
44%
Belize .bz
44%
Namibie .na
44%
Singapour .sg
44%
Albanie .al
43%
Madagascar .mg
43%
Grèce .gr
42%
Cuba .cu
40%
Équateur .ec
40%
Gabon .ga
40%
Iran .ir
40%
Lituanie .lt
40%
Nauru .nr
40%
Népal .np
40%
Bangladesh .bd
38%
Chypre .cy
38%
Émirats Arabes Unis .ae
38%
Laos .la
38%
Panama .pa
38%
Turquie .tr
38%
Ukraine .ua
38%
Égypte .eg
36%
Bhoutan .bt
33%
Colombie .co
33%
Indonésie .id
33%
Kenya .ke
33%
Kirghizistan .kg
33%
Macédoine du Nord .mk
33%
Moldavie .md
33%
République Centrafricaine .cf
33%
République Dominicaine .do
33%
Tchad .td
33%
Libye .ly
30%
Trinité-et-Tobago .tt
30%
Bahrein .bh
29%
Éthiopie .et
29%
Maroc .ma
29%
Paraguay .py
29%
Suriname .sr
29%
Bosnie-Herzégovine .ba
27%
Croatie .hr
27%
Nicaragua .ni
27%
République Démocratique du Congo .cd
27%
Andorre .ad
25%
Barbade .bb
25%
Biélorussie .by
25%
Chili .cl
25%
Corée du Nord .kp
25%
Lesotho .ls
25%
Malte .mt
25%
Papouasie-Nouvelle-Guinée .pg
25%
Serbie .rs
25%
Bahamas .bs
22%
Gambie .gm
22%
Soudan .sd
22%
Arabie Saoudite .sa
20%
Guinée Équatoriale .gq
20%
Honduras .hn
20%
Liechtenstein .li
20%
Liberia .lr
19%
Burkina Faso .bf
18%
Mauritanie .mr
18%
Saint-Vincent-et-les-Grenadines .vc
18%
Guatemala .gt
17%
Guinée Bissau .gw
17%
Malaisie .my
17%
Antigua-et-Barbuda .ag
15%
Cap-Vert .cv
15%
Turkménistan .tm
15%
Burundi .bi
14%
Costa Rica .cr
14%
Tadjikistan .tj
14%
Tunisie .tn
14%
Niger .ne
13%
Sainte-Lucie .lc
13%
Sénégal .sn
13%
Sri Lanka .lk
13%
Dominique .dm
11%
Guinée .gn
11%
Monaco .mc
11%
Montenegro .me
11%
Saint-Marin .sm
11%
Cambodge .kh
10%
Grenade .gd
10%
Brunei .bn
9%
Corée du Sud .kr
9%
Eswatini .sz
9%
Saint-Christophe-et-Niévès .kn
9%
Timor Oriental .tl
9%
Israël .il
8%
Maldives .mv
8%
Palaos .pw
8%
Salvador .sv
8%
Seychelles .sc
8%
Sierra Leone .sl
8%
Bénin .bj
0%
Birmanie .mm
0%
Comores .km
0%
île Maurice .mu
0%
îles Marshall .mh
0%
îles Salomon .sb
0%
Kiribati .ki
0%
Kosovo .xk
0%
Micronésie .fm
0%
Samoa .ws
0%
Sao-Tomé-et-Principe .st
0%
Slovénie .si
0%
Aucun quiz correspondant
Distribution des résultats
% des personnes avec chaque résultat
Percentile par nombre de réponses
Votre historique - résultats
Vous n’avez pas pris ce quiz